| 000 | 01541 a2200253 4500 | ||
|---|---|---|---|
| 003 | NUST | ||
| 005 | 20221206134442.0 | ||
| 010 | _a 78011370 | ||
| 020 | _a0470265671 | ||
| 040 | _cNust | ||
| 082 | 0 | 0 | _a156.315,MEC |
| 245 | 0 | 0 |
_aMechanisms of learning and motivation : _ba memorial volume to Jerzy Konorski / _cedited by Anthony Dickinson, Robert A. Boakes. |
| 260 |
_aHillsdale, N.J. : _bL. Erlbaum Associates ; _aNew York : _bdistributed by Halsted Press Division of Wiley, _c1979. |
||
| 300 |
_axiii, 468 p. : _bill. ; _c24 cm. |
||
| 505 | _aJerzy Konorski and Western Psychology (Page-1), Classical Conditioning as the Formation Interstimulus Association Stimulus Substitution Parasitic Reinforcement and Auto shaping (Page-19), Habituations and Memory (Page-53), Condition Inhibition and Fxtinction (Page-83), Brain Processes and Conditioning Motivational Processes (Page-171), Appetitive Aversive nitration and Inhibitory Processes (Page-203), Interactions Between type I and Type II Processes Involving Positive Reinforcements (Page-233), Selective Associations (Page-367), Constraints of Conditioning in the Writings of Konorski (Page-399), Cognitive Processes in Conditioning (Page-417). | ||
| 600 | 1 | 0 |
_aKonorski, Jerzy. _9104268 |
| 650 | 0 |
_aLearning in animals. _9104269 |
|
| 650 | 0 |
_aLearning, Psychology of. _94128 |
|
| 650 | 0 |
_aMotivation (Psychology) _995246 |
|
| 700 | 1 |
_aBoakes, Robert A. _9104270 |
|
| 700 | 1 |
_aDickinson, Anthony. _9104271 |
|
| 700 | 1 |
_aKonorski, Jerzy. _9104268 |
|
| 942 |
_2ddc _cBK _k156.315,MEC |
||
| 999 |
_c193770 _d193770 |
||